STN ISO 5127 informácie a dokumentácia. Slovník

Gespeichert in:
Bibliographische Detailangaben
1. Verfasser: Katuščák, Martin
Format: Buch
Sprache:Slowakisch
Englisch
Französisch
Deutsch
Veröffentlicht: Bratislava Slovenský ústav technickej normalizácie 2004
Schlagworte:
Tags: Tag hinzufügen
Keine Tags, Fügen Sie das erste Tag hinzu!

MARC

LEADER 00000nam a2200000 4500
001 0155215
005 20240104095009.1
041 0 |a slo 
041 0 |a eng 
041 0 |a fre 
041 0 |a ger 
044 |a SK 
245 1 0 |a STN ISO 5127  |b informácie a dokumentácia. Slovník  |c spracovateľ: Martin Katuščák 
264 1 |a Bratislava  |b Slovenský ústav technickej normalizácie  |c 2004 
300 |a 216 s.  |e 1 príloha: Oprava 1 
500 |a Oprava 1: Norma STN ISO 5127 z januára 2004 nahrádza STN ISO 5127-1 z marca 1993 a STN ISO 5127-3a z mája 1993 v celom rozsahu. 
610 2 0 |a normy 
610 2 0 |a terminológia 
610 2 0 |a informácie 
610 2 0 |a dokumentácia 
100 1 |a Katuščák, Martin